| 000 | 01878cam a22004694i 4500 | ||
|---|---|---|---|
| 003 | PE-LiUPU | ||
| 005 | 20250731172912.0 | ||
| 008 | 150617s r 000 0 d | ||
| 035 | _a(Sirsi) a16936 | ||
| 040 |
_aPE-LiUPU _bspa _cPE-LiUPU _erda |
||
| 049 | _aPRUA | ||
| 082 | 0 | 4 |
_a273 _bC87 _221 |
| 100 | 1 |
_aCristiani, León, _eautor. |
|
| 245 | 1 | 0 |
_aBreve historia de las herejías / _cCanónigo Cristiani. [Versión.. de F. Condomines]. |
| 264 | 1 |
_aAndorra : _bEditorial Casal I Vall, _c1958. |
|
| 300 |
_a152 páginas ; _c20 cm. |
||
| 336 |
_atext _2rdacontent |
||
| 337 |
_aunmediated _2rdamedia |
||
| 338 |
_avolume _2rdacarrier |
||
| 504 | _aIncluye bibliografía. | ||
| 505 | 0 | _aLas herejías desde los orígenes hasta principios del siglo IV. -Las herejías en la iglesia del siglo IV. -Las herejías en occidente. -Los errores cristológicos desde el siglo IV al VII. -Las herejías medievales. -La revolución protestante. -El anglicanismo. Pululación de sectas. -El jansenismo o la tercera reforma. -Herejías desde el siglo XVII al XX. -Conclusión. ¿Terminará el ecumenismo con las herejías. | |
| 526 | _aSEG42 | ||
| 526 | _aSEG41 | ||
| 526 | _aSEG40 | ||
| 526 | _aSEG39 | ||
| 526 | _aP94 | ||
| 526 | _aP87 | ||
| 526 | _aP86 | ||
| 526 | _aP85 | ||
| 526 | _aP77 | ||
| 526 | _aP76 | ||
| 526 | _aP35 | ||
| 650 | 0 | 4 | _aHerejías. |
| 700 | 1 | _aCondomines, F. | |
| 910 |
_ajck _bjvq _cjck _d20150616 |
||
| 942 |
_2ddc _cBOOK |
||
| 949 |
_a273 C87 _wDEWEY _c1 _i06888 _lCCODEBUL1 _mBUL _p00.00 _r0 _sY _tBOOK _u2015-04-21 _xTEOLOGIA _PP35 _0COMPRA _o.STAFF. Colección General |
||
| 994 |
_aC0 _bPEPRU |
||
| 596 | _a1 | ||
| 999 |
_a273 C87 _wDEWEY _c16459 _i06888 _d16459 _e2018-4-22 _f2021-11-12 _g5 _lCCODEBUL1 _mBUL _n1 _q2 _r0 _sY _tBOOK _u2015-4-21 _xTEOLOGIA _PP35 _0COMPRA _o.STAFF. Colección General |
||
| 980 |
_81 _gALBERTO SANCHEZ Responsable de Automatización |
||